000 00328nam a22000977a 4500
005 20250901165247.0
008 210301b ||||| |||| 00| 0 eng d
050 _aQR63 .B46
245 _aMicrobiological applications
_b a laboratory manual in general microbiology
_cBENSON, HAROLD J.
942 _2lcc
_hQR63 .B46 .1990
999 _c1170
_d1170